MDQL
is popping MORE tags! Check the
thread
!
Quizzes
Events
Quiz Creation
Community
Videos
Private Events
Remove Ads
Sign In
Join for FREE
Feedback
Dark Mode
Quiz Categories
Sports
Geography
Music
Movies
Television
Just For Fun
Miscellaneous
History
Literature
Language
Science
Gaming
Entertainment
Religion
Holiday
For Kids
Quiz Lab
Recent
Popular Today
Quiz Kudos Today
Editor Picks
Curator Picks
Quizzes by...
Day
Popularity
Type
Ratings
Length
Year
Community
Subscriptions
Recent Discussions
Orange Saloon
Badges
Playlists
Quests
Create
Leaderboards
Showdown
Live 5
Trivia Bingo
Activity
Puzzle Library
Sporcle Events
Private Events
Virtual Trivia
Globe League
Become a Host
Pub Owners
SporcleCon
Opinionation
Our Games
Videos
Blog
Mobile Apps
Partnerships
Remove Ads and Go Orange
Feedback
Movies
Disney
Marvel Cinematic Universe
Movie Resume
Movie Titles
Oscar
Actor
Actress
Director
Pixar
Role
Movie Quotes
Movie Characters
Box Office
Nominee
Best Picture
Star Wars
James Bond
Horror Movies
Movies
Disney
Marvel Cinematic Universe
Movie Resume
Movie Titles
Oscar
Actor
Actress
Director
Pixar
Role
Movie Quotes
Movie Characters
Box Office
Nominee
Best Picture
Star Wars
James Bond
Horror Movies
Random Quiz
Search Sporcle
×
Quiz Lab
Quiz Lab
Movies
Oscar
Type in answers that appear in a list
Type in answers that appear in a list
Classic
Best Score? Go Orange.
Best Actor/Actress Character Stats
Can you name the Best Actor/Actress Character?
By
SGTPeppersMMT
15m
168 Questions
47 Plays
47 Plays
47 Plays
Comments
Comments
Give Quiz Kudos
Give Quiz Kudos
-
- Ratings
hide this ad
Replay
Link that replays current quiz
Next Quiz
Link to next quiz in quiz playlist
You Got
0%
They Got
Avg Score
41%
Avg Friend Score
Upgrade to see
Score Distribution
Jump to the score distribution portion of the page
Score
0/168
Timer
15:00
0
Plays Today
Year
Character
% Correct
1991
Hannibal Lecter
76.6%
1959
Judah Ben-Hur
74.5%
1962
Atticus Finch
72.3%
1982
Mohandas Karamchand Gandhi
70.2%
1991
Clarice Starling
70.2%
1994
Forrest Gump
70.2%
2005
Truman Capote
70.2%
2005
June Carter Cash
70.2%
2006
Queen Elizabeth II
70.2%
2008
Harvey Milk
70.2%
2010
King George VI
70.2%
1939
Scarlett O'Hara
68.1%
1948
Hamlet
68.1%
1970
Gen. George S. Patton
68.1%
1972
Vito Corleone
68.1%
2004
Ray Charles
68.1%
1962
Annie Sullivan
66%
1979
Ted Kramer
66%
2000
Erin Brockovich
66%
1964
Mary Poppins
63.8%
1977
Annie Hall
63.8%
2002
Virginia Woolf
63.8%
2006
Idi Amin
63.8%
1953
Princess Ann
61.7%
1975
Nurse Ratched
61.7%
1984
Antonio Salieri
61.7%
1988
Raymond Babbitt
61.7%
1980
Loretta Lynn
59.6%
1951
Blanche DuBois
57.4%
1968
Fanny Brice
57.4%
1980
Jake LaMotta
57.4%
1963
Homer Smith
55.3%
1964
Professor Henry Higgins
55.3%
1999
Brandon Teena
55.3%
2007
Daniel Plainview
55.3%
1960
Elmer Gantry
53.2%
1966
Martha
53.2%
1987
Gordon Gekko
53.2%
1989
Christy Brown
53.2%
1990
Annie Wilkes
53.2%
1999
Lester Burnham
53.2%
2000
Maximus Decimus Meridius
53.2%
2004
Maggie Fitzgerald
53.2%
1941
Alvin C. York
51.1%
1956
Anna Koreff
51.1%
1969
Jean Brodie
51.1%
1972
Sally Bowles
51.1%
1975
Randle Patrick McMurphy
51.1%
1996
Marge Olmstead-Gunderson
51.1%
2003
Aileen Wuornos
51.1%
2007
Édith Piaf
51.1%
1932-
33
King Henry VIII of England
48.9%
1934
Ellie Andrews
48.9%
1940
Kitty Foyle
48.9%
1942
Mrs. Miniver
48.9%
1945
Mildred Pierce
48.9%
Year
Character
% Correct
1954
Terry Malloy
48.9%
1966
Sir Thomas More
48.9%
2001
Alonzo Harris
48.9%
1936
Louis Pasteur
46.8%
1942
George M. Cohan
46.8%
1963
Alma Brown
46.8%
1976
Faye Dunaway
46.8%
2009
Leigh Anne Tuohy
46.8%
1931-
32
Dr. Henry L. Jekyll
44.7%
1938
Father Flanagan
44.7%
1950
Cyrano de Bergerac
44.7%
1997
Melvin Udall
44.7%
2010
Nina Sayers
44.7%
1934
Peter Warne
42.6%
1952
Marshal Will Kane
42.6%
1968
Eleanor of Aquitaine
42.6%
1969
Rooster Cogburn
42.6%
1981
Norman Thayer
42.6%
1981
Ethel Thayer
42.6%
1995
Helen Prejean
42.6%
2001
Leticia Musgrove
42.6%
1929-
30
Benjamin Disraeli
40.4%
1940
Macaulay Connor
40.4%
1944
Father Chuck O'Malley
40.4%
1947
Anthony John
40.4%
1968
Charly Gordon
40.4%
1974
Alice Hyatt
40.4%
1976
Howard Beale
40.4%
1983
Aurora Greenway
40.4%
1985
Carrie Watts
40.4%
1986
Fast Eddie Felson
40.4%
1986
Sarah Norman
40.4%
1990
Claus von Bülow
40.4%
1937
O-Lan
38.3%
1943
Bernadette Soubirous
38.3%
1955
Serafina Delle Rose
38.3%
1956
King Mongkut
38.3%
1979
Norma Rae Webster
38.3%
1987
Loretta Castorini
38.3%
1992
Lieutenant Colonel Frank Slade
38.3%
1993
Andrew Beckett
38.3%
1997
Carol Connelly
38.3%
2002
Władysław Szpilman
38.3%
1931-
32
Madelon Claudet
36.2%
1936
Anna Held
36.2%
1957
Colonel Nicholson
36.2%
1961
Cesira
36.2%
1971
Jimmy Popeye Doyle
36.2%
1985
Luis Molina
36.2%
1988
Sarah Tobias
36.2%
1998
Viola De Lesseps
36.2%
2003
Jimmy Markum
36.2%
2009
Bad Blake
36.2%
1957
Eve White
34%
1958
Barbara Graham
34%
1965
Diana Scott
34%
Year
Character
% Correct
1967
Christina Drayton
34%
1995
Ben Sanderson
34%
2008
Hanna Schmitz
34%
1932-
33
Eva Lovelace
31.9%
1950
Emma 'Billie' Dawn
31.9%
1977
Elliot Garfield
31.9%
1978
Luke Martin
31.9%
1983
Mac Sledge
31.9%
1989
Daisy Werthan
31.9%
1996
David Helfgott
31.9%
1998
Guido Orefice
31.9%
1927-
28
Diane
29.8%
1928-
29
The Cisco Kid
29.8%
1930-
31
Stephen Ashe
29.8%
1937
Manuel
29.8%
1949
Catherine Sloper
29.8%
1953
Sgt. J.J. Sefton
29.8%
1955
Marty Piletti
29.8%
1958
Major Angus Pollock
29.8%
1961
Hans Rolfe
29.8%
1993
Ada McGrath
29.8%
1935
Joyce Heath
27.7%
1946
Al Stephenson
27.7%
1971
Bree Daniels
27.7%
1992
Margaret Schlegel
27.7%
1994
Carly Marshall
27.7%
1929-
30
Jerry Bernard Martin
25.5%
1930-
31
Min Divot
25.5%
1948
Belinda McDonald
25.5%
1949
Willie Stark
25.5%
1951
Charlie Allnut
25.5%
1954
Georgie Elgin
25.5%
1984
Edna Spalding
25.5%
1928-
29
Norma Besant
23.4%
1952
Lola Delaney
23.4%
1973
Harry Stoner
23.4%
1974
Harry Coombes
23.4%
1978
Sally Hyde
23.4%
1931-
32
Andy 'Champ' Purcell
21.3%
1946
Miss Josephine 'Jody' Norris
21.3%
1967
Police Chief Bill Gillespie
21.3%
1973
Vicki Allessio
21.3%
1935
Gypo Nolan
19.1%
1939
Arthur Chipping
19.1%
1943
Kurt Muller
17%
1944
Paula Alquist Anton
17%
1960
Gloria Wandrous
17%
1945
Don Birnam
14.9%
1947
Katrin Holstrom
12.8%
1938
Julie Marsden
10.6%
1927-
28
August Schilling
8.5%
1959
Alice Aisgill
8.5%
1965
Kid Shelleen
6.4%
1941
Lina McLaidlaw Aysgarth
0%
1970
Gudrun Brangwen
0%
1982
Sophie Zawistowski
0%
Quiz Playlist
Details
Report
Send in Message
Add To Playlist
Classic:
Type in answers that appear in a list
Last Updated: Feb 16, 2017
Quiz Scoreboard
CHALLENGE
Sign Up to Join the Scoreboard
Show All
Scores
Hide
Comments
May contain spoilers
Recently Published
Two Season TV Shows II
by 123Four
Television
10m
Image Sorting: Flags VI
by Barbecue
Geography
2m
Find the 'City' Movie
by crazypaving
Movies
60s
More to Explore
Quiz From the Vault
Featured Blog Post
14 Easter Pick-up Lines to Find Eggs With
hide this ad
You Might Also Like...
Tags
Oscar Quiz
Today's Top Quizzes in Movies
Browse Movies
hide this ad
Today's Top Quizzes in Oscar
Browse Oscar
Top Contributed Quizzes in Movies
1
Find The 'Big' Movie
2
The ultimate James Bond movie quiz
3
Find The 'Wild' Movie
4
Find The 'Blue' Movie
5
Movies By Plot
6
Hidden Star Wars Character II
7
Pick 5 Posters: Directed by Spielberg
8
Hidden Star Wars Character III
9
Hidden Star Wars Character IV
10
25 Best Actor Nominees (1990s)
Explore More
Trending Topics
Kpop
Marvel
Anime
Disney
Crossword
NBA
Harry Potter
Country
The Office
NFL
Soccer
Puzzle
Song
WWE
Pokémon
hide this ad
More By:
SGTPeppersMMT
Quiz
Plays
Rating
Category
Featured
Created
Best Picture Nominees By Cast (1970-2010)
98
3.33
Movies
Apr 30, 2011
Best Actor/Actress Character
47
2.67
Movies
Apr 29, 2011
Go to Creator's Profile
Score Distribution
Quiz Creator Spotlight
SGTPeppersMMT
Follow
Send a Message
Quizzes Created
-
Created Quiz Play Count
-
More By This Creator
Popular Quizzes Today
1
Find the US States - No Outlines Minefield
2
Colored Red Africa Blitz
3
Find the 'City' Movie
4
5x2 Blitz: Bands
5
The Countries of the World
6
Find the Countries of Europe - No Outlines Minefield
7
Find the US States
8
US States
More Movies Quizzes
Chris Hemsworth Roles
Quiz Lab
Trending Quizzes
Colored Red Europe Blitz I
Colored Red Africa Blitz II
Colored Red Europe Blitz II
Colored Red Africa Blitz III
Colored Red Europe Blitz III
Recently Updated
How Do You Spell That?
pecheneg
Godzilla Movies
pecheneg
Grab Bag: 4-10 Letters
pecheneg
2024 March Madness Bracket
pecheneg
Famous TV Couples
Peacemaker
Champions League XIs: Real Madrid
pecheneg
Largest US Cities 1790-2010
pecheneg
Rides in Walt Disney World
pecheneg
Most Oscar Losses (Acting)
pecheneg
Beyoncé Albums
pecheneg
Trending Topics
Disney
Marvel
NBA
Crossword
Kpop
Harry Potter
Anime
WWE
NFL
Pokémon
Puzzle
Song
Soccer
The Office
Country
Your Account Isn't Verified!
In order to create a playlist on Sporcle, you need to verify the email address you used during registration. Go to your
Sporcle Settings
to finish the process.
Report this User
Report this user for behavior that violates our
Community Guidelines
.
Details:
Send Report
Go to the Sporcle.com Mobile Site →
Comments